Dopad ekonomické krize na konkurenceschopnost firem v ČR a na Slovensku
Analýza zhodných a rozdielných čŕt adaptácie českej a slovenskej ekonomiky na ekonomickú krízu.
Salvato in:
| Autore principale: | |
|---|---|
| Natura: | Capitolo di libro |
| Lingua: | ceco |
| Soggetti: | |
| Tags: |
Nessun Tag, puoi essere il primo ad aggiungerne!!
|
MARC
| LEADER | 00000naa a2200000 4500 | ||
|---|---|---|---|
| 001 | 0175521 | ||
| 005 | 20231211131609.5 | ||
| 041 | 0 | |a cze | |
| 044 | |a SK | ||
| 245 | 1 | 0 | |a Dopad ekonomické krize na konkurenceschopnost firem v ČR a na Slovensku |c Marta Nečadová |
| 520 | |a Analýza zhodných a rozdielných čŕt adaptácie českej a slovenskej ekonomiky na ekonomickú krízu. | ||
| 610 | 2 | 0 | |a Slovensko |
| 610 | 2 | 0 | |a Česko |
| 610 | 2 | 0 | |a kríza hospodárska |
| 610 | 2 | 0 | |a konkurencieschopnosť |
| 100 | 1 | |a Nečadová, Marta | |